1317 1164 1260 1396 1916 1571 1535 1220 1167 1304 1072 1809 2000 1417 1970 1708 1890 1550 1053 1793 1094 1921 1291 1715 1682 1640 1480 1126 1150 1908 1788 1406 1489 1827 1902 1511 1984 1627 1572 1733 1362 1008 1822 1320 1679 1090 1844 1144 1452 1876 1591 1351 1818 1848 1320 1645 1953 1523 1789 1746 1071 1934 1333 1248 1048 1140 1510 1213 1469 1719 1641 1471 1016 1368 1838 1272 1951 1825 1283 1069 1197 1971 1701 1035 1244 1960 1117 1480 1425 1940 1963 1172 1417 1197 1070 1032 1477 1975 1187 BCNSPRNW ULIB Ver.6.0+V

เปลี่ยนเป็นภาษาไทย

Change to English
 แสดงรายละเอียดบรรณานุกรม
  กลับหน้าหลัก

Brief Record : Get Marc (ISO 2709) : E-mail record : QR code < ปิดหน้าต่าง
LEADER : 00000nam 2200000uu 4500
001    13399108563
003     ULIB
008    110309s2553||||th 000 0 tha d
020    9789742254155
060  4 ^aWJ300^bธ262N 2553
110 1  ^aสมาคมโรคไตแห่งประเทศไทย
245 00 ^aNephrology board review./^cธนิต จิรนันท์ธวัช, สิริภา ช้างศิริกุล, ธนันดา ตระกูลวนิช และวสันต์ สุเมธกุล, บรรณาธิการ
250    ^aพิมพ์ครั้งที่ 1
260    ^aกรุงเทพฯ : ^bเท็กซ์ แอนด์ เจอร์นัล พับลิเคชั่น,^c2553
300    ^a374 หน้า ; ^bภาพประกอบ
700 0  ^aธนิต จิรนันท์ธวัช, บรรณาธิการ
700 0  ^aสิริภา ช้างศิริกุล, บรรณาธิการ
700 0  ^aธนันดา ตระกูลวนิช, บรรณาธิการ
700 0  ^aวสันต์ สุเมธกุล, บรรณาธิการ
945    ^p350^l0^i18048
945    ^p350^l0^i18047
995     ทศพร
999 ^a ใช้งานได้ทุกระบบ
รายการนี้ยังไม่มีแท็ก
คุณยังไม่ได้ล็อกอิน คุณสามารถมีกิจกรรมร่วมกับเว็บไซต์ได้ แต่ต้องล็อกอินก่อน ::
  ล็อกอิน

รายการสื่อสารสนเทศ

ลำดับที่ ประเภท เลขเรียก/บาร์โค้ด สถานที่ สถานะ
1. วิทยาศาสตร์การแพทย์ และสุขภาพ
วิทยาศาสตร์การแพทย์ และสุขภาพ
สถานะ=หนังสือเก่า
WJ300 ธ262N 2553 ฉ.1 
  Barcode: 18047
ห้องสมุดวิทยาเขตนครสวรรค์
►ส่วนจัดเก็บหนังสือเก่า นว.
บนชั้น
  ขอยืม
2. วิทยาศาสตร์การแพทย์ และสุขภาพ
วิทยาศาสตร์การแพทย์ และสุขภาพ
สถานะ=หนังสือเก่า
WJ300 ธ262N 2553 ฉ.2 
  Barcode: 18048
ห้องสมุดวิทยาเขตนครสวรรค์
►ส่วนจัดเก็บหนังสือเก่า นว.
บนชั้น
  ขอยืม

BibComment


ยังไม่เคยถูกคอมเมนท์

คอมเมนท์ทรัพยากรรายการนี้
  คอมเมนท์: Nephrology board..


 Copyright 2026. Bcnsprnw @Library